01279nas a2200277Ia 4500001001100000003000900011008004100020040001300061040001300074041001300087100003800100210002300138222002300161245010500184250001100289260002100300501008600321300000900407310001200416362003600428500026000464650003600724942000700760999001900767952021500786R026/43482IT-RoPAU151124c99999999xx |||||||||||| ||und|| aIT-RoPAU cIT-RoPAU aITALIANO aAA.VV. gCodice Aut. SPICS: 12000 aNOSTRO CINEMA (IL) aNostro Cinema (Il) aNOSTRO CINEMA (IL), ANNO 12-N.132 (FEBBRAIO 1974)bNostro Cinema (Il), Anno 12-N.132 (Febbraio 1974) a1a ed. aROMAbACECc1974 bPaulus - SPICS - Società San Paolo EM (non-commercial uses only)cCopyright2015 a4 p. aMENSILE aANNO 012, N.132 (FEBBRAIO 1974) aNuovi Criteri di Valutazione e Classificazione dei Film. Seconda Parte Deldocumento Programmatico Acec per il Triennio 1974/1976. Programma del Consiglio Regionale Lombardo per il Triennio 1974/1976. Notiziario. Tribuna Precongressuale. Testimonianze Sul  aCINEMAvPUBBLICAZIONE PERIODICA cCR c131062d131062 0010406R_026_43482000000000071aSPICSbSPICSd2015-11-25l0oR026/43482r2015-11-25 00:00:00w2015-11-25yCRzProgr. Ins: 28584 / Copia rara: NO / date import: 25.11.2015 / By Epidotti, Trombetti, Vaglietti